Lille 2010's Starting XI - Statistics

General Stats
  • This quiz has been taken 1,578 times
    1,390 since last reset
  • The average score is 19 of 54
Answer Stats
Player % Correct
Eden Hazard
85%
Mike Maignan
80%
José Fonte
77%
Zeki Çelik
68%
Nicolas Pépé
66%
Vincent Enyeama
66%
Gervinho
62%
Jonathan Bamba
56%
Rafael Leão
55%
Jonathan Ikone
52%
Mickaël Landreau
52%
Rio Mavuba
52%
Simon Kjær
52%
Moussa Sow
51%
Adil Rami
47%
Thiago Mendes
47%
Florent Balmont
45%
Salomon Kalou
45%
Yohan Cabaye
44%
Mathieu Debuchy
43%
Xeka
43%
Aurélien Chedjou
42%
Idrissa Gueye
41%
Franck Béria
37%
Marko Baša
35%
Youssouf Koné
32%
Divock Origi
31%
Sofiane Boufal
31%
Yassine Benzia
31%
Rony Lopes
29%
Dimitri Payet
28%
Éder
27%
Fodé Ballo-Touré
26%
Lucas Digne
26%
Thiago Maia
26%
Sébastien Corchia
25%
Luiz Araújo
24%
Adama Soumaoro
22%
Djibril Sidibé
22%
Nolan Roux
22%
Marvin Martin
21%
Kévin Malcuit
18%
Pierre-Alain Frau
18%
Renato Civelli
18%
Steeve Elana
18%
Júnior Alonso
16%
Mounir Obbadi
15%
Edgar Ié
14%
Benoît Pedretti
12%
Nicolas de Préville
12%
Pape Souaré
12%
Éric Bauthéac
10%
Ibrahim Amadou
9%
Younousse Sankharé
7%
No matching quizzes found
Score Distribution
Percent of People with Each Score
Percentile by Number Answered
Your Score History
You have not taken this quiz since the last reset